Responses for Show #2284 - Thursday, July 7, 1994

Steve Chernicoff game 1.

Contestants

[<< previous game]

Steve Chernicoff, a technical writer from Berkeley, California

Annie Williams, a leasing assistant from Phoenix, Arizona

Marcia Meldrum, a Ph.D. candidate from Port Jefferson, New York (whose 2-day cash winnings total $25,000)

[next game >>]

Jeopardy! Round responses

COLORADO
MOTOWN SONGS
ANNUAL EVENTS
TREES
PARTS OF CLOTHING
ODD WORDS
    $100 1
mountains

Steve
    $100 9
Mr. Postman

Steve
    $100 14
Spain

Annie
    $100 6
the pine

Annie
    $100 26
a neckline

Steve
    $100 20
hair

Steve
    $200 2
Molly Brown

Annie
    $200 10
dance

Annie
    $200 15
Tombstone

Marcia
    $200 7
red

Annie
    $200 27
shoulder pads

Annie
    $200 21
a hootenanny

Steve
    $300 3
the Centennial State

Annie
    $300 11
"I'll Be There"

Steve
    $300 16
Detroit

Marcia
    $300 8
the coconut palm

Marcia
    $300 28
a sleeve

Marcia
    $300 22
the hootchy-kootchy

Steve
    $400 4
Aspen

Steve
    $400 12
"Shop Around"

Steve
    $400 17
Chicago

Annie
    $400 19
the buckeye

Steve
    $400 29
a cuff

Steve
    $400 23
to gallivant

Steve
    $500 5
Stapleton

Steve
    $500 13
a heat wave

Steve
    $1,000 18
(Annie: What is January the 1st?)
...
(Alex: And if you'll recall, all the kids go out and collect coins for UNICEF on [**].)

October 31 (Halloween)

Annie
    $500 25
the weeping willow

Steve
    $500 30
(Steve: What are bones?)

stays

AnnieSteve
    $500 24
fuzz

Triple Stumper

Scores at the first commercial break (after clue 15):

Marcia Annie Steve
$500 $1,100 $2,300

Scores at the end of the Jeopardy! Round:

Marcia Annie Steve
$1,100 $1,200 $4,200

Double Jeopardy! Round responses

HISTORY
THIRD PARTIES
COUNTRIES
NOTABLE NAMES
SCIENTIFIC DISCOVERIES
WORLD LITERATURE
    $200 10
Panama

Steve
    $200 1
independents

Steve
    $200 2
Japan

Marcia
    $200 26
David Livingstone

Steve
    $200 16
hydrogen

Marcia
    $200 21
Zorba the Greek

Steve
    $400 12
Bismarck

Marcia
    $400 3
George Wallace

Marcia
    $400 5
Australia

Steve
    $400 27
Gilbert Stuart

Steve
    $400 17
rain

Steve
    $400 22
Argentina

Steve
    $600 13
Avignon

Steve
    $600 4
the Republican Party

Steve
    $600 6
Peru

Steve
    $600 28
(Henry) Luce

Marcia
    $600 18
the nucleus

Steve
    $600 23
Hermann Hesse

Steve
    $800 14
Francis Drake

Marcia
    $800 8
the Greenbacks

Marcia
    $800 7
Indonesia

Marcia
    $800 29
David Ben-Gurion

Steve
    $800 19
saccharin

Steve
    $800 24
(Marcia: Who is de Sade?)

Lawrence Durrell

MarciaSteve
    $1000 15
Ataturk

Steve
    $2,000 9
the Socialist Party

Marcia
    $1000 11
(Steve: What is Panama?)

Belize

Steve
Triple Stumper
    $1000 30
(Marcia: Who is Hammarskjöld?)
...
(Alex: Dag Hammarskjöld was Swedish.)

Trygve Lie

MarciaSteve
    $2,000 20
Jupiter

Steve
    $1000 25
bullfighting

Annie

Scores at the end of the Double Jeopardy! Round:

Marcia Annie Steve
$5,500 $2,200 $15,000
(lock game)

[wagering suggestions for these scores]

Final Jeopardy! Round responses

PRESIDENTIAL HOMES
AnnieWhat is Nashville?
$2,000
MarciaWhat is Montpelier?
$1,000
SteveWhat is Augusta?
$3,999
Montpelier

Final scores:

Marcia Annie Steve
$6,500 $200 $11,001
2nd place: trip to Tampa, Florida 3rd place: Insight Computers personal computer New champion: $11,001

Game dynamics:

Coryat scores:

Marcia Annie Steve
$4,500 $3,200 $14,000
13 R
(including 1 DD),
2 W
10 R,
1 W
(including 1 DD)
34 R
(including 1 DD),
2 W

Combined Coryat: $21,700

[game clues] [game scores] [suggest correction]

Game tape date: 1994-02-15
The J! Archive is created by fans, for fans. Scraping, republication, monetization, and malicious use prohibited; this site may use cookies and collect identifying information. See terms. The Jeopardy! game show and all elements thereof, including but not limited to copyright and trademark thereto, are the property of Jeopardy Productions, Inc. and are protected under law. This website is not affiliated with, sponsored by, or operated by Jeopardy Productions, Inc. Join the discussion at JBoard.tv.